000 00762nam a2200241 a 4500
001 BRCA_1996
005 20190320203630.0
008 120608s1884----fr-a######---#000-0#fre-#
041 _afre
044 _afr
050 4 _aPQ1682
_b.M37
_c1884
245 1 0 _aOeuvres de Rabelais, collectionees pour la premiere fois sur les editions originales accompagnees d´un commentaire nouveau.
_cpar MM Bugaud des Marets et Rathery.
250 _a3
260 _aParís
_bFirmin-Didot et Cie.
_c1884
300 _a766 p.
_c18 cm.
500 _aInicio de la publicación 1884
500 _aEstado físico: hojas sueltas
500 _aI8
650 1 4 _aLiteratura francesa
_96121
700 1 _aMarets et Rathery, Burgaud des.
_96122
902 _aGFM
942 _2lcc
_cB
999 _c1763
_d1763